000 00537nam a2200181 i 4500
001 42800
003 ES-MaACL
007 t|
008 030314s1983 sp ||||1| spa d
100 1 _aCerezuela, Leopoldo.
_937515
245 1 0 _aAcordes para un soneto disonante /
_cLeopoldo Cerezuela.
260 _aCarboneras de Guadazaón (Cuenca) :
_bEl Toro de Barro,
_c1983.
300 _a61 p. ;
_c20 cm.
490 1 _aGárgola ;
_v8
830 0 _aGárgola ;
_v8
_9181957
852 _aES-MaACL
_jL-5636
_bR.106177
999 _c42800
_d42800